1388 1739 1348 1901 1832 1835 1370 1013 1508 1824 1885 1697 1369 1765 1437 1511 1852 1199 1940 1903 1199 1211 1884 1420 1920 1893 1432 1583 1828 1144 1525 1089 1905 1576 1389 1615 1215 1158 1051 1490 1823 1775 1973 1055 1707 1064 1856 1608 1444 1605 1662 1422 1047 1976 1158 1070 1849 1236 1204 1622 1492 1142 1842 1108 1933 1118 1934 1471 1121 1080 1913 1261 1997 1583 1790 1110 1893 1630 1002 1019 1452 1529 1679 1367 1447 1079 1598 1120 1839 1795 1909 1911 1158 1535 1280 1095 1693 1118 1625 BCNSPRNW ULIB Ver.6.0+V

เปลี่ยนเป็นภาษาไทย

Change to English
 แสดงรายละเอียดบรรณานุกรม
  กลับหน้าหลัก

Brief Record : Get Marc (ISO 2709) : E-mail record : QR code < ปิดหน้าต่าง
LEADER : 00000nam 2200000uu 4500
001    13399122346
003     ULIB
008    130220s2550||||th 000 0 tha d
020    ^a9789742556723
090    ^aนว.^bพ541พ ล.1
100 0  ^aพัดชา,นามแฝง
245 00 ^aพรหมรัถยา เล่ม 1/^cพัดชา,นามแฝง
250    ^aพิมพ์ครั้งที่ 1
260    ^aกรุงเทพฯ :^bบูรพาสาส์น,^c2550
300    ^a430 หน้า
710 1  ^aบูรพาสาส์น
945    ^p0^l0^i022010
999    ^aเกษร โพธิ์สุวรรณ
รายการนี้ยังไม่มีแท็ก
คุณยังไม่ได้ล็อกอิน คุณสามารถมีกิจกรรมร่วมกับเว็บไซต์ได้ แต่ต้องล็อกอินก่อน ::
  ล็อกอิน

รายการสื่อสารสนเทศ

ลำดับที่ ประเภท เลขเรียก/บาร์โค้ด สถานที่ สถานะ
1. นวนิยาย
นวนิยาย
นว. พ541พ ล.1  
  Barcode: 022010
ห้องสมุดวิทยาเขตสวรรค์ประชารักษ์
►นวนิยาย
บนชั้น
  ขอยืม

รายการใกล้เคียง
    ผู้แต่ง [พัดชา,นามแฝง]

BibComment


ยังไม่เคยถูกคอมเมนท์

คอมเมนท์ทรัพยากรรายการนี้
  คอมเมนท์: พรหมรัถยา เล่ม 1..


 Copyright 2026. Bcnsprnw @Library